000 04926cam a22003734a 4500
999 _c10243
_d10243
001 55955180
003 OCoLC
005 20241126110728.0
008 040706t20042004tnu b 000 0 eng
010 _a2004015617
020 _a0687064031
_q(alk. paper)
020 _a9780687064038
_q(alk. paper)
040 _aDLC
_beng
_cDLC
_dYDX
_dBAKER
_dUKM
_dIG#
_dBTCTA
_dYDXCP
_dOCLCQ
_dNMC
_dBDX
_dEUM
_dOCLCQ
_dOCLCF
_dOCLCO
_dTLE
_dOCLCQ
_dDHA
_dMUX
_dOCLCQ
_dKSU
_dUtOrBLW
042 _apcc
050 0 0 _aBS491.3
_b.G57 2004
082 0 0 _a220.7
_222
_bGLO
245 0 0 _aGlobal Bible commentary /
_cgeneral editor, Daniel Patte ; associate editors, Teresa Okure [and others]
264 1 _aNashville :
_bAbingdon Press,
_c[2004]
264 4 _c℗♭2004
300 _axxxvi, 570 pages ;
_c23 cm
336 _atext
_btxt
_2rdacontent
337 _aunmediated
_bn
_2rdamedia
338 _avolume
_bnc
_2rdacarrier
504 _aIncludes bibliographical references
505 0 0 _gIntroduction /
_rDaniel Patte --
_tUsing the GBC in Bible study groups and classes --
_tHebrew Bible --
_tGenesis /
_rClare Amos --
_tExodus /
_rJorge Pixley --
_tLeviticus /
_rAlan Cooper and Susanne Scholz --
_tNumbers /
_rJione Havea --
_tDeuteronomy /
_rMercedes Garcia Bachmann --
_tJoshua /
_rDora Mbuwayesango --
_tJudges /
_rFidele Ugira Kwasi --
_tRuth /
_rMadipoane Masenya --
_t1 and 2 Samuel /
_rGerald West --
_t1 and 2 kings /
_rKyung Sook Lee --
_t1 and 2 chronicles /
_rFook Kong Wong --
_tEzra-Nehemiah /
_rDanna Nolan Fewell --
_tEsther /
_rWong Wai Ching Angela --
_tJob /
_rBenjamin Abotchie Ntreh --
_tPsalms /
_rDavid Tuesday Adamo --
_tProverbs /
_rAthalya Brenner --
_tEcclesiastes /
_rJohn Prior --
_tSong of songs /
_rMonica Jyotsna Melanchthon --
_tIsaiah 1-39 /
_rVictor Zinkuratire --
_tIsaiah 40-55 /
_rJ. Severino Croatto --
_tIsaiah 56-66 /
_rJ. Severino Croatto --
_tFourth Isaiah /
_rJ. Severino Croatto --
_tJeremiah /
_rRenita J. Weems --
_tLamentations /
_rArchie Chi Chung Lee --
_tEzekiel 1-39 /
_rSamuel E. Almada --
_tEzekiel 40-48 /
_rSandro Gallazzi --
_tDaniel /
_rAndre LaCocque --
_tHosea /
_rTania Mara Vieira Sampaio --
_tJoel /
_rPablo Andinach --
_tAmos /
_rLai Ling Elizabeth Ngan --
_tObadiah /
_rJorge Torreblanca --
_tJonah /
_rChen Nan Jou --
_tMicah /
_rHuang Po Ho --
_tNahum /
_rValmor da Silva --
_tHabakkuk /
_rInnocent Hambaza --
_tZephaniah /
_rShigeyuki Nakanose, Fernando Doren and Enilda de Paula Pedro --
_tHaggai /
_rPaul Kalluveettil --
_tZechariah /
_rPaul Swarup --
_tMalachi /
_rClaudia Mendoza --
_tNew Testament --
_tJesus : an African perspective /
_rAnne Nasimiyu Wasike --
_tJesus : an Asian perspective /
_rCarlos Abesamis --
_tJesus : a Latin American perspective /
_rPablo Richard --
_tJesus Christ : an Orthodox perspective /
_rVasile Mihoc --
_tJesus : a Western perspective /
_rNicole Wilkinson Duran --
_tMatthew /
_rAlejandro Alberto Duarte --
_tMatthew 5-7 : The sermon on the mount and India /
_rR.S. Sugirtharajah --
_tMark /
_rHisako Kinukawa --
_tMark's healing stories in an AIDS context /
_rMusa W. Dube --
_tLuke /
_rJustin Upkong --
_tLuke's God and mammon, a Latin American perspective /
_rRene Kruger --
_tJohn /
_rKyung-mi Park --
_tJohn in an Orthodox perspective /
_rPetros Vassiliadis --
_tActs /
_rBenny Tat-siong Liew --
_tRomans /
_rDaniel Patte --
_t1 Corinthians /
_rJoseph Pathrapankal --
_t1 Corinthians 11 in Christian and Muslim dialogue /
_rNicole Wilkinson Duran and Derya Demirer --
_t2 Corinthians /
_rUkachukwu Chris Manus --
_tGalatians /
_rNestor Oscar Miguez --
_tEphesians /
_rJohn Riches --
_tPhilippians /
_rDemetrius K. Williams --
_tColossians /
_rTeresa Okure --
_t1 Thessalonians /
_rYeo Khiok-khng --
_t2 Thessalonians /
_rYeo Khiok-khng --
_t1 Timothy /
_rElsa Tamez --
_t2 Timothy and Titus /
_rDaniel C. Arichea, Jr. --
_tPhilemon /
_rJean Kim --
_tHebrews /
_rStelian Tofana --
_tHebrews : sacrifice in an African perspective /
_rTeresa Okure --
_tJames /
_rCristina Conti --
_t1 and 2 Peter, Jude /
_rSharon Ringe --
_t1, 2, and 3 John /
_rJohannes Beutler --
_tRevelation /
_rChristopher Rowland
520 1 _a"This single-volume Bible commentary presents a wide diversity of biblical interpretations made possible by the globalization of Christianity. It includes contributions from seventy-one scholars representing Asia, Africa, the Pacific, South America, Central America, North America, and Europe. Written for college or seminary students and their teachers, as well as pastors, and study groups."--Jacket
630 0 0 _aBible
_vCommentaries.
_0http://id.loc.gov/authorities/subjects/sh85013597
_9200
630 0 0 _aBible.
_0http://id.loc.gov/authorities/names/n00020514
_9599
655 7 _aCommentaries.
_2fast
_0(OCoLC)fst01423723.
_0http://id.worldcat.org/fast/1423723
_9875
700 1 _aPatte, Daniel.
_0http://id.loc.gov/authorities/names/n82059595
_917795
700 1 _aOkure, Teresa.
_0http://id.loc.gov/authorities/names/n90643018
_917796
776 0 8 _iOnline version:
_tGlobal Bible commentary.
_dNashville : Abingdon Press, ℗♭2004
_w(OCoLC)762114986
942 _2ddc
_cREF